000 00478nam a2200169 i 4500
001 94556
003 ES-MaACL
005 20230906181516.0
007 t|
008 050509s1948 sp ||||1| spa d
100 1 _aLossier, Jean G.
_974280
245 1 0 _aSolidaridad
_b: significación moral de la Cruz Roja /
_cJean G. Lossier.
260 _aMadrid :
_bM. Aguilar,
_c1948.
300 _a189 p. ;
_c17 cm.
610 2 4 _aCruz Roja.
_93320
852 _aES-MaACL
_jC-4933
_bR.25396
999 _c94556
_d94556